[Event "Madrid ch Veteranos 2223"]
[Site "Madrid ESP"]
[Date "2023.04.25"]
[Round "7.22"]
[White "Cano Mercado, Francisco Manuel"]
[Black "Menendez Domens, Juan Manuel"]
[Result "1-0"]
[WhiteElo "1728"]
[BlackElo "1460"]
[PlyCount "31"]
[EventDate "2023.04.17"]
[EventType "swiss"]
[EventRounds "9"]
[EventCountry "ESP"]
[SourceTitle "Ajedrez en Madrid"]
[Source "lmi"]
[SourceDate "2023.04.17"]
[SourceVersion "1"]
[SourceVersionDate "2023.05.22"]
[SourceQuality "1"]

1. d4 d5 2. Bf4 Nf6 3. e3 Bf5 4. c4 c5 5. Nc3 Qa5 6. cxd5 Nxd5 7. Bxb8 Rxb8 8.
Bb5+ Kd8 9. dxc5 e6 10. Nge2 Bxc5 11. O-O Ke7 12. Nxd5+ exd5 13. Qxd5 Qb6 14.
Qxf5 Qxb5 15. Qe5+ Kf8 16. Qxb8+ 1-0

[Event "Madrid ch Veteranos 2223"]
[Site "Madrid ESP"]
[Date "2023.04.25"]
[Round "7.23"]
[White "Villares Galiano, Luis"]
[Black "De Dompablo Fantova, Juan"]
[Result "1/2-1/2"]
[WhiteElo "1887"]
[BlackElo "1665"]
[PlyCount "23"]
[EventDate "2023.04.17"]
[EventType "swiss"]
[EventRounds "9"]
[EventCountry "ESP"]
[SourceTitle "Ajedrez en Madrid"]
[Source "lmi"]
[SourceDate "2023.04.17"]
[SourceVersion "1"]
[SourceVersionDate "2023.05.22"]
[SourceQuality "1"]

1. e4 e5 2. Nf3 Nc6 3. Bc4 Bc5 4. c3 Nf6 5. d4 exd4 6. cxd4 Bb4+ 7. Nc3 Nxe4 8.
O-O Bxc3 9. d5 Ne5 10. bxc3 Nxc4 11. Qd4 f5 12. Qxc4 1/2-1/2

[Event "Madrid ch Veteranos 2223"]
[Site "Madrid ESP"]
[Date "2023.04.25"]
[Round "7.24"]
[White "Marcos Herrero, Francisco"]
[Black "Perez Pascual, Arturo"]
[Result "1-0"]
[WhiteElo "1830"]
[BlackElo "1622"]
[PlyCount "99"]
[EventDate "2023.04.17"]
[EventType "swiss"]
[EventRounds "9"]
[EventCountry "ESP"]
[SourceTitle "Ajedrez en Madrid"]
[Source "lmi"]
[SourceDate "2023.04.17"]
[SourceVersion "1"]
[SourceVersionDate "2023.05.22"]
[SourceQuality "1"]

1. c4 c6 2. Nf3 d5 3. g3 Nf6 4. d4 Nbd7 5. Nbd2 e6 6. Bg2 Qc7 7. O-O e5 8. dxe5
Nxe5 9. cxd5 Nxd5 10. Nxe5 Qxe5 11. Nc4 Qh5 12. Qd4 Be6 13. Bf3 Qf5 14. Ne3 Qf6
15. Qa4 Nb6 16. Qa5 h5 17. Bd2 h4 18. Bc3 Qh6 19. g4 h3 20. Kh1 Bd6 21. Nf5
Bxf5 22. Qxf5 O-O 23. Rad1 Rad8 24. g5 Qe6 25. Qxe6 fxe6 26. Bg4 Kf7 27. g6+
Kxg6 28. Bxe6 Kh7 29. Rd3 Bf4 30. Rxh3+ Bh6 31. Rg1 g6 32. Rhg3 Nd5 33. Bxd5
Rxd5 34. Rxg6 Rxf2 35. Rg8 Rxh2+ 36. Kxh2 Rh5+ 37. Kg2 Kxg8 38. Kf3+ Kf7 39. e4
Rh3+ 40. Kg4 Re3 41. Rf1+ Ke7 42. Kf5 Rh3 43. e5 b6 44. Kg4 Re3 45. Rh1 Bg7 46.
Rh7 Kf8 47. Kf5 Kg8 48. Rh4 Kf7 49. e6+ Kg8 50. Rg4 1-0

[Event "Madrid ch Veteranos 2223"]
[Site "Madrid ESP"]
[Date "2023.04.25"]
[Round "7.26"]
[White "Diaz Begonte, Manuel"]
[Black "Toledo Aguirre, Gonzalo"]
[Result "0-1"]
[WhiteElo "1536"]
[BlackElo "1749"]
[PlyCount "60"]
[EventDate "2023.04.17"]
[EventType "swiss"]
[EventRounds "9"]
[EventCountry "ESP"]
[SourceTitle "Ajedrez en Madrid"]
[Source "lmi"]
[SourceDate "2023.04.17"]
[SourceVersion "1"]
[SourceVersionDate "2023.05.22"]
[SourceQuality "1"]

1. e4 e6 2. d4 d5 3. exd5 exd5 4. Bd3 Nc6 5. c3 Bd6 6. Nf3 Nge7 7. Bg5 f6 8.
Bh4 Bg4 9. Bg3 Qd7 10. Nbd2 O-O-O 11. Qc2 Ng6 12. O-O Nf4 13. Bxf4 Bxf4 14.
Rfe1 Kb8 15. b4 g5 16. a4 Qd6 17. h3 h5 18. Bf1 Bc8 19. g3 g4 20. Nh4 Bxg3 21.
Nf5 Bxf2+ 22. Kxf2 Qf4+ 23. Kg1 Bxf5 24. Bd3 Qg3+ 25. Kh1 Bxd3 26. Qd1 Qxh3+
27. Kg1 Rde8 28. Nf1 Bxf1 29. Rxf1 Re3 30. Ra2 Rg3+ 0-1

[Event "Madrid ch Veteranos 2223"]
[Site "Madrid ESP"]
[Date "2023.04.25"]
[Round "7.27"]
[White "Jimenez Ascarza, Jose Ignacio"]
[Black "Lopez Heras, Arturo"]
[Result "0-1"]
[WhiteElo "1534"]
[BlackElo "1708"]
[PlyCount "84"]
[EventDate "2023.04.17"]
[EventType "swiss"]
[EventRounds "9"]
[EventCountry "ESP"]
[SourceTitle "Ajedrez en Madrid"]
[Source "lmi"]
[SourceDate "2023.04.17"]
[SourceVersion "1"]
[SourceVersionDate "2023.05.22"]
[SourceQuality "1"]

1. e4 c5 2. Nf3 d6 3. d4 cxd4 4. Nxd4 Nf6 5. Nc3 a6 6. Bg5 e6 7. f4 Qb6 8. Bxf6
Qxb2 9. Ndb5 axb5 10. Nxb5 Qxf6 11. Nc7+ Kd8 12. Nxa8 Qc3+ 13. Kf2 Qc5+ 14. Kf3
Qa3+ 15. Qd3 Qxa8 16. Be2 Qa5 17. Rhd1 Be7 18. c4 Qh5+ 19. Ke3 Qc5+ 20. Kf3 Kc7
21. Rab1 Bd7 22. Rdc1 Rc8 23. Rc3 Kd8 24. e5 g6 25. exd6 Bc6+ 26. Kg3 Qxd6 27.
Qc2 Ke8 28. Rd3 Qc7 29. Qc3 Be4 30. Qh8+ Bf8 31. Rbd1 Bxd3 32. Rxd3 h5 33. Re3
Nc6 34. Bd3 Ne7 35. Qb2 Nf5+ 36. Bxf5 gxf5 37. Rd3 Bd6 38. Qh8+ Ke7 39. Qxh5
Bxf4+ 40. Kh3 Be5 41. Qg5+ Bf6 42. Qd2 Rh8+ 0-1

[Event "Madrid ch Veteranos 2223"]
[Site "Madrid ESP"]
[Date "2023.04.25"]
[Round "7.28"]
[White "Marcos Medina, Alejandro"]
[Black "Prieto Gonzalez, Cesar"]
[Result "1-0"]
[WhiteElo "1692"]
[BlackElo "1608"]
[PlyCount "125"]
[EventDate "2023.04.17"]
[EventType "swiss"]
[EventRounds "9"]
[EventCountry "ESP"]
[SourceTitle "Ajedrez en Madrid"]
[Source "lmi"]
[SourceDate "2023.04.17"]
[SourceVersion "1"]
[SourceVersionDate "2023.05.22"]
[SourceQuality "1"]

1. d4 Nf6 2. Nf3 d6 3. e3 Nbd7 4. Bd3 e5 5. Nbd2 c6 6. c4 g6 7. O-O Bg7 8. dxe5
dxe5 9. e4 O-O 10. Nb3 h6 11. h3 Re8 12. Be3 Nf8 13. Qe2 Nh5 14. Rad1 Qf6 15.
Nh2 Nf4 16. Qf3 N8e6 17. Ng4 Qe7 18. Bxf4 Nxf4 19. Rfe1 Qg5 20. Kh1 Be6 21. Bf1
h5 22. Nh2 Bc8 23. Nc5 b6 24. Nd3 Nxd3 25. Rxd3 Be6 26. Rd6 c5 27. b3 Bf8 28.
Rd3 Rad8 29. Red1 Rxd3 30. Qxd3 Be7 31. Qg3 Qxg3 32. fxg3 Rd8 33. Rxd8+ Bxd8
34. Nf3 Bf6 35. Ne1 Bg5 36. Nf3 Bf6 37. Kg1 g5 38. Kf2 g4 39. hxg4 Bxg4 40. Ne1
Bg5 41. Be2 Bd2 42. Nd3 f6 43. Bxg4 hxg4 44. Ke2 Bg5 45. Nf2 Kg7 46. Nxg4 Kg6
47. Kf3 Kh5 48. Nf2 Bd2 49. Nd3 Kg5 50. Ke2 Bc3 51. Kf3 Bd2 52. g4 Kh4 53. g3+
Kg5 54. a3 a5 55. Nf2 Bc1 56. a4 Kg6 57. Nd3 Bh6 58. Ne1 Bf8 59. Nc2 Bd6 60.
Ne3 Bb8 61. Nd5 Ba7 62. Ne7+ Kg5 63. Nc6 1-0

[Event "Madrid ch Veteranos 2223"]
[Site "Madrid ESP"]
[Date "2023.04.25"]
[Round "7.29"]
[White "Lopez Guitian, Juan J."]
[Black "Montero Montero, Juan Jose"]
[Result "0-1"]
[WhiteElo "1518"]
[BlackElo "1678"]
[PlyCount "70"]
[EventDate "2023.04.17"]
[EventType "swiss"]
[EventRounds "9"]
[EventCountry "ESP"]
[SourceTitle "Ajedrez en Madrid"]
[Source "lmi"]
[SourceDate "2023.04.17"]
[SourceVersion "1"]
[SourceVersionDate "2023.05.22"]
[SourceQuality "1"]

1. e4 Nf6 2. Nc3 d5 3. exd5 Nxd5 4. Bc4 e6 5. Qe2 Nxc3 6. bxc3 Nd7 7. Nf3 Nf6
8. d4 c6 9. a4 a5 10. O-O Be7 11. Bb2 O-O 12. Rfe1 Nd5 13. g3 Bd7 14. Ne5 Rb8
15. Bd3 Bf6 16. Qe4 g6 17. h4 Bxe5 18. Qxe5 Qf6 19. Qe2 h5 20. Qd2 Rbc8 21. Ba3
Rfe8 22. Bd6 Qg7 23. c4 Nb4 24. Bf1 c5 25. c3 Na6 26. dxc5 Bc6 27. Bg2 Bxg2 28.
Kxg2 Nxc5 29. Qe3 Nd7 30. c5 Qf6 31. Rab1 Qf5 32. Rxb7 Qd5+ 33. Qf3 Qxf3+ 34.
Kxf3 Nxc5 35. Re5 Nxb7 0-1

[Event "Madrid ch Veteranos 2223"]
[Site "Madrid ESP"]
[Date "2023.04.25"]
[Round "7.30"]
[White "Martinez Miura, Enrique"]
[Black "Garcia Galeote, Lorenzo"]
[Result "0-1"]
[WhiteElo "1519"]
[BlackElo "1896"]
[PlyCount "56"]
[EventDate "2023.04.17"]
[EventType "swiss"]
[EventRounds "9"]
[EventCountry "ESP"]
[SourceTitle "Ajedrez en Madrid"]
[Source "lmi"]
[SourceDate "2023.04.17"]
[SourceVersion "1"]
[SourceVersionDate "2023.05.22"]
[SourceQuality "1"]

1. e4 d6 2. d4 g6 3. Bc4 Bg7 4. Nf3 a6 5. a4 e6 6. O-O b6 7. Re1 Bb7 8. Nc3 h6
9. d5 e5 10. h3 Ne7 11. Be3 O-O 12. Qd2 Kh7 13. Nh2 Nd7 14. Rad1 f5 15. f4 exf4
16. Bxf4 g5 17. Be3 Ne5 18. Be2 fxe4 19. Nxe4 Nxd5 20. Bxg5 Qd7 21. Be3 Nxe3
22. Qxe3 Qxa4 23. Bd3 Nxd3 24. Qxd3 Kh8 25. Nf3 Rae8 26. c4 Bxe4 27. Rxe4 Rxe4
28. Qxe4 Qxd1+ 0-1

[Event "Madrid ch Veteranos 2223"]
[Site "Madrid ESP"]
[Date "2023.04.25"]
[Round "7.31"]
[White "Ruiz Quevedo, Andres"]
[Black "Becerra Baigorri, Jose"]
[Result "1-0"]
[WhiteElo "1827"]
[BlackElo "1505"]
[PlyCount "67"]
[EventDate "2023.04.17"]
[EventType "swiss"]
[EventRounds "9"]
[EventCountry "ESP"]
[SourceTitle "Ajedrez en Madrid"]
[Source "lmi"]
[SourceDate "2023.04.17"]
[SourceVersion "1"]
[SourceVersionDate "2023.05.22"]
[SourceQuality "1"]

1. c4 e5 2. g3 Nf6 3. Bg2 Nc6 4. Nc3 Bb4 5. Nd5 Bc5 6. e3 d6 7. Ne2 Nxd5 8.
cxd5 Ne7 9. O-O O-O 10. d4 exd4 11. Nxd4 c6 12. dxc6 Bxd4 13. cxb7 Bxb7 14.
Bxb7 Rb8 15. Qxd4 Rxb7 16. b3 d5 17. Rd1 Rd7 18. Bb2 f6 19. Rac1 Nf5 20. Qf4
Ne7 21. Rd2 Qa5 22. Bc3 Qc5 23. Qd4 Rc7 24. Qxc5 Rxc5 25. Bb2 Rxc1+ 26. Bxc1
Rd8 27. Bb2 Nc6 28. Rc2 Nb4 29. Rd2 Nxa2 30. Bxf6 gxf6 31. Rxa2 Rb8 32. Rxa7
Rxb3 33. Rd7 Rb5 34. h4 1-0

[Event "Madrid ch Veteranos 2223"]
[Site "Madrid ESP"]
[Date "2023.04.25"]
[Round "7.32"]
[White "Tudela Garcia, Antonio"]
[Black "Yela Garcia, Carlos"]
[Result "0-1"]
[WhiteElo "1572"]
[BlackElo "1489"]
[PlyCount "94"]
[EventDate "2023.04.17"]
[EventType "swiss"]
[EventRounds "9"]
[EventCountry "ESP"]
[SourceTitle "Ajedrez en Madrid"]
[Source "lmi"]
[SourceDate "2023.04.17"]
[SourceVersion "1"]
[SourceVersionDate "2023.05.22"]
[SourceQuality "1"]

1. e4 c5 2. b3 g6 3. Bb2 Nf6 4. e5 Nd5 5. e6 f6 6. exd7+ Bxd7 7. c4 Nc7 8. d4
cxd4 9. Qxd4 Nc6 10. Qd2 Bg7 11. Nc3 Bf5 12. Nf3 Qxd2+ 13. Nxd2 Nb4 14. Be2
Nc2+ 15. Kf1 Nxa1 16. Bxa1 Rd8 17. Nce4 Ne6 18. Bc3 Nd4 19. f3 Kf7 20. Kf2 b6
21. f4 Nxe2 22. Kxe2 Bxe4 23. Nxe4 Rd7 24. g4 h6 25. f5 gxf5 26. gxf5 h5 27. h4
Bh6 28. Ng5+ Bxg5 29. hxg5 h4 30. Rh3 Rh5 31. g6+ Kg7 32. a4 Rxf5 33. Rxh4 Kxg6
34. Rh8 Rh5 35. Rg8+ Kf5 36. Be1 e5 37. Rc8 Rh3 38. b4 Rdd3 39. c5 Ra3 40. c6
Ra2+ 41. Bd2 Rh2+ 42. Kd3 Rhxd2+ 43. Kc4 a6 44. c7 Rac2+ 45. Kb3 Rc6 46. Rd8
Rdc2 47. c8=Q+ Rxc8 0-1

[Event "Madrid ch Veteranos 2223"]
[Site "Madrid ESP"]
[Date "2023.04.25"]
[Round "7.33"]
[White "Perez Fajardo, Daniel"]
[Black "Ros Martinez, Francisco Javier"]
[Result "1-0"]
[WhiteElo "1495"]
[BlackElo "1562"]
[PlyCount "61"]
[EventDate "2023.04.17"]
[EventType "swiss"]
[EventRounds "9"]
[EventCountry "ESP"]
[SourceTitle "Ajedrez en Madrid"]
[Source "lmi"]
[SourceDate "2023.04.17"]
[SourceVersion "1"]
[SourceVersionDate "2023.05.22"]
[SourceQuality "1"]

1. e4 c5 2. Nf3 g6 3. Bc4 Bg7 4. O-O d6 5. c3 Nf6 6. d3 Bg4 7. h3 Bxf3 8. Qxf3
O-O 9. Be3 Nc6 10. Bb3 Rc8 11. Nd2 Nd7 12. Qe2 Na5 13. Bc2 b5 14. Rac1 a6 15.
Nf3 Nb6 16. Bb1 b4 17. Rfd1 Nb7 18. cxb4 cxb4 19. d4 a5 20. Qb5 Rb8 21. Rc6 Na8
22. Rdc1 Nc5 23. Qe2 Qd7 24. d5 Na4 25. Nd4 Rfc8 26. Bd3 Nc5 27. Bb5 Nc7 28.
R6xc5 Nxb5 29. Rxc8+ Rxc8 30. Rxc8+ Qxc8 31. Nxb5 1-0

[Event "Madrid ch Veteranos 2223"]
[Site "Madrid ESP"]
[Date "2023.04.25"]
[Round "7.34"]
[White "Villodre Miranda, Juan Alonso"]
[Black "De Juan Rivas, Antonio"]
[Result "1-0"]
[WhiteElo "1537"]
[BlackElo "1408"]
[PlyCount "84"]
[EventDate "2023.04.17"]
[EventType "swiss"]
[EventRounds "9"]
[EventCountry "ESP"]
[SourceTitle "Ajedrez en Madrid"]
[Source "lmi"]
[SourceDate "2023.04.17"]
[SourceVersion "1"]
[SourceVersionDate "2023.05.22"]
[SourceQuality "1"]

1. c4 f5 2. f4 Nf6 3. Nf3 e6 4. g3 Be7 5. Bg2 O-O 6. O-O d6 7. h3 Nc6 8. b3 e5
9. fxe5 dxe5 10. Bb2 Bd6 11. d4 exd4 12. Nxd4 Bc5 13. e3 Nxd4 14. exd4 Bd6 15.
Kh2 c6 16. Bc1 Qe8 17. Bf4 Bxf4 18. Rxf4 Nh5 19. Rf3 Bd7 20. Nd2 Rf6 21. Nf1
Rh6 22. Qd2 Nf6 23. Ne3 Ne4 24. Qe1 Qg6 25. Rf4 Re8 26. Bxe4 fxe4 27. h4 Qe6
28. Qf1 Qd6 29. Rd1 g5 30. Nf5 Bxf5 31. Rxf5 Rxh4+ 32. Kg2 Rg4 33. Qf2 e3 34.
Qf3 Rge4 35. Rxg5+ Kh8 36. Qf5 Qf8 37. Qf3 Qh6 38. Rh1 Rf8 39. Rg8+ Rxg8 40.
Rxh6 Rg7 41. Qf5 Rxd4 42. Qf8+ Rg8 1-0

[Event "Madrid ch Veteranos 2223"]
[Site "Madrid ESP"]
[Date "2023.04.25"]
[Round "7.35"]
[White "Ramos Antona, Enrique"]
[Black "Siddiqie, Kausar Iqbal"]
[Result "1/2-1/2"]
[WhiteElo "1500"]
[BlackElo "1265"]
[PlyCount "131"]
[EventDate "2023.04.17"]
[EventType "swiss"]
[EventRounds "9"]
[EventCountry "ESP"]
[SourceTitle "Ajedrez en Madrid"]
[Source "lmi"]
[SourceDate "2023.04.17"]
[SourceVersion "1"]
[SourceVersionDate "2023.05.22"]
[SourceQuality "1"]

1. d4 e6 2. c4 d5 3. Nf3 Nf6 4. g3 Be7 5. Bg2 h6 6. O-O O-O 7. Qc2 c5 8. dxc5
Nc6 9. a3 d4 10. b4 a6 11. Bb2 e5 12. Nbd2 Bg4 13. h3 Bh5 14. Rfe1 Bg6 15. Qd1
e4 16. Nh2 Qc7 17. e3 d3 18. Rb1 Rfe8 19. Ng4 Nxg4 20. hxg4 Bg5 21. Nf1 Rad8
22. Qd2 Ne5 23. Bxe5 Qxe5 24. Rbd1 Qe6 25. f4 exf3 26. Bxf3 Be4 27. Qg2 Qxc4
28. Bxe4 Qxe4 29. Qxe4 Rxe4 30. Rd2 Rxg4 31. Red1 h5 32. Kf2 h4 33. gxh4 Bxh4+
34. Kf3 Rc4 35. Rxd3 Rxd3 36. Rxd3 Bf6 37. Nd2 Rc1 38. Ne4 Bb2 39. Nd6 Ra1 40.
Nxb7 Bxa3 41. Rb3 Kf8 42. Ke4 Ke7 43. Kd5 Kd7 44. Rd3 Kc7 45. Nd6 Bxb4 46. Nxf7
Ra5 47. Ke6 Rxc5 48. Rd7+ Kb6 49. Nd8 Bc3 50. Rb7+ Ka5 51. Kd6 Rg5 52. e4 Be5+
53. Ke6 Bf6 54. Nc6+ Ka4 55. e5 Rg6 56. exf6 Rxf6+ 57. Kd5 g6 58. Ne5 Rf5 59.
Ke4 Rg5 60. Rb6 a5 61. Nxg6 Rg4+ 62. Nf4 Ka3 63. Kf3 Rg5 64. Nd3 a4 65. Ke2 Rd5
66. Kd2 1/2-1/2

[Event "Madrid ch Veteranos 2223"]
[Site "Madrid ESP"]
[Date "2023.04.25"]
[Round "7.37"]
[White "Calle Trueba, Jose Antonio"]
[Black "Gonzalez Hormigos, Carlos Manuel"]
[Result "1-0"]
[WhiteElo "1381"]
[BlackElo "1116"]
[PlyCount "79"]
[EventDate "2023.04.17"]
[EventType "swiss"]
[EventRounds "9"]
[EventCountry "ESP"]
[SourceTitle "Ajedrez en Madrid"]
[Source "lmi"]
[SourceDate "2023.04.17"]
[SourceVersion "1"]
[SourceVersionDate "2023.05.22"]
[SourceQuality "1"]

1. c4 d6 2. g3 e5 3. Bg2 Bd7 4. Bxb7 Bc6 5. Bxa8 Bxa8 6. f3 Nf6 7. Nh3 Qd7 8.
Nf2 d5 9. Qb3 Bc5 10. Qxb8+ Qd8 11. Qxd8+ Kxd8 12. cxd5 Bxd5 13. e4 Bc4 14. d3
Ba6 15. Nc3 c6 16. Bg5 Ke7 17. Ng4 h6 18. Be3 Bxe3 19. Nxe3 Bxd3 20. Kf2 g6 21.
Rhd1 Rd8 22. Rd2 c5 23. Ncd5+ Ke6 24. Rxd3 Nd7 25. Rad1 Rc8 26. Ra3 Nb8 27.
Rxa7 Nc6 28. Rc7 Rxc7 29. Nxc7+ Ke7 30. a4 Nd4 31. a5 Kd6 32. Nc2 Kxc7 33. Nxd4
exd4 34. Rc1 Kc6 35. a6 Kb6 36. a7 Kxa7 37. Rxc5 Kb6 38. Rd5 Kc6 39. Rxd4 h5
40. Rd8 1-0

[Event "Madrid ch Veteranos 2223"]
[Site "Madrid ESP"]
[Date "2023.04.27"]
[Round "8.1"]
[White "Moreno Ruiz, Javier"]
[Black "Rojas Pozo, Jose Luis"]
[Result "1-0"]
[WhiteElo "2427"]
[BlackElo "1865"]
[PlyCount "57"]
[EventDate "2023.04.17"]
[EventType "swiss"]
[EventRounds "9"]
[EventCountry "ESP"]
[SourceTitle "Ajedrez en Madrid"]
[Source "lmi"]
[SourceDate "2023.04.17"]
[SourceVersion "1"]
[SourceVersionDate "2023.05.22"]
[SourceQuality "1"]

1. e4 e5 2. Nf3 Nf6 3. d4 Nxe4 4. Bd3 d5 5. dxe5 Be7 6. O-O O-O 7. Re1 Nc5 8.
Nc3 Nxd3 9. Qxd3 Be6 10. Nd4 Qd7 11. Qg3 Kh8 12. Bg5 Bxg5 13. Qxg5 Nc6 14. Rad1
Ne7 15. b4 a6 16. Rd3 b6 17. Nb3 Rac8 18. Red1 Qe8 19. Ne2 c5 20. bxc5 bxc5 21.
Rc3 Qb5 22. Nf4 Rc7 23. Nd4 Qd7 24. Rg3 Rg8 25. Ndxe6 fxe6 26. Qxe7 Qxe7 27.
Ng6+ hxg6 28. Rh3+ Qh4 29. Rxh4# 1-0

[Event "Madrid ch Veteranos 2223"]
[Site "Madrid ESP"]
[Date "2023.04.27"]
[Round "8.2"]
[White "Candela Perez, Jose"]
[Black "Longa Yauca, Javier"]
[Result "1/2-1/2"]
[WhiteElo "2299"]
[BlackElo "2219"]
[PlyCount "76"]
[EventDate "2023.04.17"]
[EventType "swiss"]
[EventRounds "9"]
[EventCountry "ESP"]
[SourceTitle "Ajedrez en Madrid"]
[Source "lmi"]
[SourceDate "2023.04.17"]
[SourceVersion "1"]
[SourceVersionDate "2023.05.22"]
[SourceQuality "1"]

1. d4 Nf6 2. Nf3 e6 3. c4 b6 4. a3 Bb7 5. Nc3 d5 6. cxd5 exd5 7. g3 a6 8. Bg2
Bd6 9. O-O Nbd7 10. Nh4 g6 11. Bh6 Qe7 12. Nf3 Ng4 13. Bg5 Qe6 14. e4 h6 15.
exd5 Qf5 16. Re1+ Kf8 17. Be3 g5 18. Nd2 Ngf6 19. Qb3 Re8 20. Nc4 Re7 21. Na5
Ba8 22. Nc6 Re8 23. Qa4 Bb7 24. Qb3 Ng4 25. Nd1 h5 26. h3 Ngf6 27. Nc3 Kg7 28.
Rac1 b5 29. a4 b4 30. Nxb4 h4 31. Qc2 Qg6 32. Qxg6+ Kxg6 33. Nd3 hxg3 34. Nc5
Bc8 35. N5e4 Nxe4 36. Nxe4 gxf2+ 37. Kxf2 Nf6 38. Nxd6 cxd6 1/2-1/2

[Event "Madrid ch Veteranos 2223"]
[Site "Madrid ESP"]
[Date "2023.04.27"]
[Round "8.3"]
[White "Moreno Torrero, Javier"]
[Black "Lopez-Andujar Ocaña, Antonio"]
[Result "0-1"]
[WhiteElo "1891"]
[BlackElo "1961"]
[PlyCount "44"]
[EventDate "2023.04.17"]
[EventType "swiss"]
[EventRounds "9"]
[EventCountry "ESP"]
[SourceTitle "Ajedrez en Madrid"]
[Source "lmi"]
[SourceDate "2023.04.17"]
[SourceVersion "1"]
[SourceVersionDate "2023.05.22"]
[SourceQuality "1"]

1. e4 e5 2. Nf3 Nc6 3. Bb5 Bc5 4. c3 Nf6 5. O-O O-O 6. d4 Bb6 7. Bg5 h6 8. Bh4
d6 9. Bxc6 bxc6 10. dxe5 dxe5 11. Qa4 Qd3 12. Bxf6 gxf6 13. Qxc6 Be6 14. Na3
Rad8 15. Qa4 Bg4 16. Ne1 Qe2 17. Nc4 Bd7 18. Qa6 Kh7 19. b3 Rg8 20. g3 Bh3 21.
Ng2 Rd2 22. Kh1 Qf3 0-1

[Event "Madrid ch Veteranos 2223"]
[Site "Madrid ESP"]
[Date "2023.04.27"]
[Round "8.4"]
[White "Pastor Alonso De Prado, Alberto"]
[Black "Cabañas Bravo, Juan Andres"]
[Result "1-0"]
[WhiteElo "2071"]
[BlackElo "1914"]
[PlyCount "47"]
[EventDate "2023.04.17"]
[EventType "swiss"]
[EventRounds "9"]
[EventCountry "ESP"]
[SourceTitle "Ajedrez en Madrid"]
[Source "lmi"]
[SourceDate "2023.04.17"]
[SourceVersion "1"]
[SourceVersionDate "2023.05.22"]
[SourceQuality "1"]

1. b3 e5 2. Bb2 Nc6 3. e3 d5 4. Bb5 Bd6 5. f4 Qe7 6. Nf3 f6 7. Nc3 Be6 8. O-O
Nh6 9. e4 dxe4 10. Nxe4 exf4 11. Nd4 Kd7 12. Re1 Be5 13. Bxc6+ bxc6 14. Nxe6
Kxe6 15. d4 Rad8 16. Qe2 Rxd4 17. Bxd4 Bxd4+ 18. Kh1 Be3 19. Qc4+ Kf5 20. Nf2
Qe8 21. Qd3+ Kg5 22. Nh3+ Kg4 23. Nxf4 Kxf4 24. Rxe3 1-0

[Event "Madrid ch Veteranos 2223"]
[Site "Madrid ESP"]
[Date "2023.04.27"]
[Round "8.5"]
[White "Herrero Reques, Sergio"]
[Black "De Paz Nistal, Santiago"]
[Result "1-0"]
[WhiteElo "2021"]
[BlackElo "1866"]
[PlyCount "107"]
[EventDate "2023.04.17"]
[EventType "swiss"]
[EventRounds "9"]
[EventCountry "ESP"]
[SourceTitle "Ajedrez en Madrid"]
[Source "lmi"]
[SourceDate "2023.04.17"]
[SourceVersion "1"]
[SourceVersionDate "2023.05.22"]
[SourceQuality "1"]

1. Nf3 Nf6 2. c4 e6 3. d4 b6 4. g3 Bb7 5. Bg2 Be7 6. Nc3 O-O 7. O-O d6 8. Qc2
c5 9. d5 e5 10. e4 Na6 11. Ne1 Nd7 12. a3 Nc7 13. Nd3 Ba6 14. b3 b5 15. Nd1 Bf6
16. Ne3 g6 17. b4 bxc4 18. Nxc4 Bxc4 19. Qxc4 Nb6 20. Qc2 c4 21. Ne1 Nb5 22.
Nf3 Nd4 23. Qd1 Rc8 24. Be3 Nxf3+ 25. Bxf3 Bg7 26. Rc1 f5 27. Qe2 Qc7 28. Rc2
f4 29. Bxb6 axb6 30. Bg4 Ra8 31. Rxc4 Qb8 32. Qb2 b5 33. Rc6 Rd8 34. Be6+ Kh8
35. Rfc1 fxg3 36. hxg3 h5 37. Kg2 Kh7 38. g4 Bf6 39. Rc7+ Kh6 40. Rf7 Rf8 41.
Rcc7 Rxf7 42. Rxf7 Bg5 43. gxh5 gxh5 44. Qc2 Ra7 45. Qc6 Rxf7 46. Bxf7 Qf8 47.
Qd7 Qe7 48. Qxe7 Bxe7 49. Be8 Bg5 50. Bxb5 Bc1 51. a4 Ba3 52. a5 Bxb4 53. a6
Bc5 54. f4 1-0

[Event "Madrid ch Veteranos 2223"]
[Site "Madrid ESP"]
[Date "2023.04.27"]
[Round "8.6"]
[White "Lopez Molina, Francisco"]
[Black "Gonzalez Rivera, Eduardo"]
[Result "0-1"]
[WhiteElo "1905"]
[BlackElo "2026"]
[PlyCount "68"]
[EventDate "2023.04.17"]
[EventType "swiss"]
[EventRounds "9"]
[EventCountry "ESP"]
[SourceTitle "Ajedrez en Madrid"]
[Source "lmi"]
[SourceDate "2023.04.17"]
[SourceVersion "1"]
[SourceVersionDate "2023.05.22"]
[SourceQuality "1"]

1. d4 d5 2. c4 c6 3. cxd5 cxd5 4. Nc3 Nf6 5. Bf4 e6 6. e3 Bd6 7. Bb5+ Nc6 8.
Bxd6 Qxd6 9. Nf3 O-O 10. O-O Bd7 11. Rc1 Rac8 12. a3 Ne7 13. Bd3 Ng6 14. Qb3
Rc7 15. h3 Rfc8 16. Ng5 e5 17. Bxg6 hxg6 18. dxe5 Qxe5 19. Nf3 Qh5 20. Rcd1
Bxh3 21. Nxd5 Bxg2 22. Nxf6+ gxf6 23. Kxg2 Qg4+ 24. Kh2 Qxf3 25. Qd5 Qe2 26.
Qd3 Qxb2 27. Rb1 Qe5+ 28. f4 Qh5+ 29. Kg3 Rc3 30. Qd4 f5 31. Rf2 Qg4+ 32. Kh2
Qh4+ 33. Kg2 Rc1 34. Rbb2 Rh1 0-1

[Event "Madrid ch Veteranos 2223"]
[Site "Madrid ESP"]
[Date "2023.04.27"]
[Round "8.7"]
[White "Hernandez Gutierrez, Jose"]
[Black "Martin Rodriguez, Emilio"]
[Result "0-1"]
[WhiteElo "1767"]
[BlackElo "1965"]
[PlyCount "96"]
[EventDate "2023.04.17"]
[EventType "swiss"]
[EventRounds "9"]
[EventCountry "ESP"]
[SourceTitle "Ajedrez en Madrid"]
[Source "lmi"]
[SourceDate "2023.04.17"]
[SourceVersion "1"]
[SourceVersionDate "2023.05.22"]
[SourceQuality "1"]

1. d4 d5 2. c4 c6 3. cxd5 cxd5 4. Bf4 Nc6 5. e3 Nf6 6. Nc3 g6 7. Be2 a6 8. Nf3
Bg7 9. O-O O-O 10. Ne5 e6 11. Nxc6 bxc6 12. Be5 Re8 13. Na4 Bf8 14. Bxf6 Qxf6
15. Qc2 e5 16. dxe5 Rxe5 17. Rac1 Bf5 18. Qxc6 Qxc6 19. Rxc6 Bd7 20. Rxa6 Rxa6
21. Bxa6 Bxa4 22. Bb7 Bc5 23. b3 Bb5 24. Rd1 d4 25. exd4 Bxd4 26. a4 Be8 27.
Kf1 Bc3 28. f4 Re7 29. Bf3 Kg7 30. Rd3 Rc7 31. Ke2 Bd7 32. Kf2 Bf5 33. Rd5 Be6
34. Rb5 Bd4+ 35. Ke1 Rc2 36. Be2 Rb2 37. g4 Rxb3 38. Rxb3 Bxb3 39. Bb5 Be3 40.
f5 gxf5 41. gxf5 Kf6 42. Bd7 Bc2 43. a5 Bxf5 44. Bc6 Bd3 45. Bb7 Ke5 46. a6 Kd6
47. h4 h6 48. h5 f6 0-1